000 00537nam a2200181Ia 4500
008 100920s9999 xx 000 0 und d
082 _b66198
_a891.43 थ 95
100 _aरहबर हंसराज.
245 _aपथ - कुपथ.
260 _bसाक्षी प्रकाशन, दिल्ली.
_c1995
300 _a164
_bसाधी
365 _b65
520 _aहिंदी.
630 _aपथ - कुपथ.
650 _aहिंदी.
730 _aपथ - कुपथ.
942 _cBOOK
999 _c708885
_d708882